| 000 | 01017cam a2200301 a 4500 | ||
|---|---|---|---|
| 999 |
_c1624 _d1624 |
||
| 001 | (Sirsi) a900696 | ||
| 003 | OSt | ||
| 005 | 20230116112323.0 | ||
| 008 | 150612s2015 maua b 000 f eng d | ||
| 020 |
_a9780763668846 _q(hard) : |
||
| 040 |
_aAU@ _beng _cAU@ _dOCLCO _dBKL _dNYP _dUtOrBLW _dTAE _dKH8 |
||
| 042 | _anbic | ||
| 082 | 0 | _a813.54 MAR | |
| 100 | 1 |
_aMartin, David, _d1944- _eauthor |
|
| 245 | 1 | 0 |
_aPeep and Ducky rainy day / _cDavid Martin ; illustrated by David Walker. |
| 250 | _a1st ed. | ||
| 260 |
_aSomerville, Mass. : _bCandlewick Press, _c2015. |
||
| 300 |
_a[26] p. : _bcol. ill. ; _c20 x 24 cm. |
||
| 520 | _aWhen Peep visits Ducky on a rainy day, the little pals have no trouble finding things to do. | ||
| 521 | 1 | _a4-8. | |
| 650 | 0 | _aStories in rhyme. | |
| 650 | 0 |
_aChickens _vJuvenile fiction. |
|
| 650 | 0 |
_aDucks _vJuvenile fiction. |
|
| 650 | 0 |
_aPlay _vJuvenile fiction. |
|
| 650 | 0 |
_aFriendship _vJuvenile fiction. |
|
| 700 | 1 |
_aWalker, David, _d1965- _eillustrator |
|
| 942 |
_2ddc _cNFIC |
||